000 00292nam a22001337a 4500
008 171107b xxu||||| |||| 00| 0 eng d
020 _a9780132497992
041 _aeng
080 _23 ED
_a330.722.6
100 _a62
101 _aKON
245 _aACCOUTING
_cHARRISON.O
942 _2udc
_cBK
999 _c38115
_d38115